[Event "Titled Tue 20th May Early"]
[Site "chess.com INT"]
[Date "2025.05.20"]
[Round "11"]
[White "Martinez Alcantara, Jose Eduardo"]
[Black "Kravtsiv, Martyn"]
[Result "0-1"]
[WhiteTitle "GM"]
[BlackTitle "GM"]
[WhiteElo "2611"]
[BlackElo "2598"]
[WhiteFideId "3805662"]
[BlackFideId "14113147"]
[EventDate "2025.05.20"]

1. e4 e5 2. Nf3 Nc6 3. Bb5 a6 4. Ba4 Nf6 5. d3 b5 6. Bb3 Be7 7. a4 b4 8. Nbd2 d6
9. Nc4 O-O 10. O-O Bg4 11. h3 Bh5 12. g4 Bg6 13. c3 Nd7 14. Ne3 bxc3 15. bxc3
Na5 16. Bc2 Rb8 17. Kh2 Nc5 18. Ra2 c6 19. Nf5 Kh8 20. Qe2 Ne6 21. Kh1 Re8 22.
Rg1 Bf8 23. h4 Nf4 24. Bxf4 exf4 25. Qd2 d5 26. e5 f6 27. Qxf4 d4 28. c4 fxe5
29. Nxe5 Rb7 30. Bd1 Bxf5 31. gxf5 Bd6 32. Re2 Qb8 33. Ng6+ hxg6 34. Rxe8+ Qxe8
35. Qxd6 gxf5 36. Bf3 Qe7 37. Qf4 Rd7 38. Rg5 Kg8 39. Rxf5 Qd6 40. Qg4 Nb3 41.
Rg5 Nc5 42. Be4 Nxe4 43. Qxe4 Re7 44. Qf3 Qe6 45. Kg2 Qd6 46. a5 Rf7 47. Qg3 Qf6
48. f3 Qe6 49. Qg4 Qe2+ 50. Kg3 Qe1+ 51. Kg2 Qe2+ 52. Kg3 Qxd3 53. Qc8+ Kh7 54.
Qg4 Qe3 55. Rh5+ Kg8 56. Rf5 Rxf5 57. Qxf5 Qg1+ 58. Kh3 Qh1+ 59. Kg3 Qe1+ 60.
Kg2 Qe8 61. c5 Qe2+ 62. Kg3 Qe8 63. Kg2 Qd8 64. Qd3 Qd5 65. Qxa6 d3 66. Qc8+ Kh7
67. a6 d2 68. Qg4 d1=Q 69. a7 Q5d2+ 70. Kh3 Qh1+ 0-1

[Event "Titled Tue 20th May Early"]
[Site "chess.com INT"]
[Date "2025.05.20"]
[Round "11"]
[White "Kao, Jamison Edrich"]
[Black "Naranjo Moreno, Antonio"]
[Result "1-0"]
[WhiteTitle "CM"]
[BlackTitle "FM"]
[WhiteElo "2018"]
[BlackElo "2289"]
[WhiteFideId "6007937"]
[BlackFideId "2278626"]
[EventDate "2025.05.20"]

1. e4 e5 2. Nf3 Nc6 3. Nc3 Nf6 4. Bb5 Nd4 5. Bc4 c6 6. Nxe5 d5 7. exd5 Bd6 8.
Nf3 Bg4 9. h3 Bxf3 10. gxf3 O-O 11. dxc6 Re8+ 12. Kf1 Qc7 13. d3 Qxc6 14. Be3
Nxf3 15. Bb5 Nd2+ 16. Ke2 Rxe3+ 17. Kxd2 Qg2 18. Kxe3 a6 19. Qf3 Qg5+ 20. Ke2
axb5 21. Rag1 Re8+ 22. Kd1 Qc5 23. Qxf6 g6 24. Qf3 Be5 25. Re1 b4 26. Ne4 Qa5
27. Nf6+ Kf8 28. Nd7+ Kg7 29. Nxe5 Rxe5 30. Rxe5 Qxe5 31. Kc1 Qg5+ 32. Kb1 b3
33. axb3 Qc5 34. Qe3 Qd5 35. d4 Qxh1+ 36. Ka2 Qc6 37. c4 Qa6+ 38. Kb1 Qb6 39. d5
Qd6 40. Kc2 Qb4 41. f4 Qf8 42. Qe5+ f6 43. Qc7+ Kh6 44. Qxb7 Qd8 45. Qa7 Qd6 46.
Qe3 Qd7 47. Qd3 Qa7 48. b4 Qf2+ 49. Kb3 Qxf4 50. b5 Qh2 51. b6 Qd6 52. Qe3+ g5
53. Kc3 Qb8 54. c5 Kg6 55. c6 Qd6 56. b7 f5 57. Qe6+ Qxe6 58. dxe6 f4 59. b8=Q
Kf6 60. Kd3 Kxe6 61. Ke2 h5 62. Kf3 Kf5 63. Qc8+ Ke5 64. Qh8+ Kf5 65. Qxh5 Ke6
66. Qg4+ Kd6 67. Qxg5 Kc7 68. Qxf4+ Kb6 69. h4 Ka6 70. h5 Kb6 71. h6 Ka6 72. h7
Kb6 73. h8=Q Ka6 74. Qa8+ Kb6 75. Qb7+ Ka5 76. Qfb4# 1-0

[Event "Titled Tue 20th May Early"]
[Site "chess.com INT"]
[Date "2025.05.20"]
[Round "11"]
[White "Wagh, Suyog"]
[Black "Ter-Sahakyan, Samvel"]
[Result "1/2-1/2"]
[WhiteTitle "FM"]
[BlackTitle "GM"]
[WhiteElo "2319"]
[BlackElo "2611"]
[WhiteFideId "25071688"]
[BlackFideId "13302531"]
[EventDate "2025.05.20"]

1. e4 c5 2. Nf3 Nc6 3. d4 cxd4 4. Nxd4 g6 5. c4 Bg7 6. Be3 Qb6 7. Nb3 Qd8 8. Nd4
Qb6 9. Nb5 Qa5+ 10. N5c3 Nh6 11. Nd2 f5 12. Bxh6 Bxh6 13. exf5 Qxf5 14. Be2 O-O
15. O-O Kh8 16. Nde4 d6 17. h3 Qf4 18. b3 Bg7 19. Rc1 Nd4 20. Bg4 Be5 21. g3 Qf7
22. f4 Bg7 23. Ng5 Qe8 24. Re1 h6 25. Ne6 Bxe6 26. Bxe6 Nxe6 27. Rxe6 Qf7 28.
Qe2 Be5 29. Rxe5 dxe5 30. Qxe5+ Qf6 31. Re1 Rad8 32. Nd5 Qxe5 33. Rxe5 Kg7 34.
Rxe7+ Rf7 35. Re5 Rff8 36. Kf2 Rfe8 37. Ke3 Rxe5+ 38. fxe5 Kf7 39. Ke4 Ke6 40.
Nf4+ Kf7 41. e6+ Kf6 42. e7 Kxe7 43. Nxg6+ Kf6 44. Nf4 Rd2 45. a4 a5 46. Nd3 b6
47. h4 h5 48. Nf4 Rb2 49. Nxh5+ Kf7 50. Nf4 Rxb3 51. g4 Rb4 52. g5 Rxa4 53. Kf5
Rxc4 54. g6+ Kg7 55. Ne6+ Kh6 56. Kf6 Rc6 57. h5 Kxh5 58. g7 Rc8 59. Nf8 Rc6+
60. Ne6 Rc8 61. Nf8 Rc6+ 62. Ne6 1/2-1/2

[Event "Titled Tue 20th May Early"]
[Site "chess.com INT"]
[Date "2025.05.20"]
[Round "11"]
[White "Li, Hui"]
[Black "Swara Lakshmi S Nair"]
[Result "1-0"]
[WhiteTitle "CM"]
[BlackTitle "WCM"]
[WhiteElo "2041"]
[BlackElo "2178"]
[WhiteFideId "15400310"]
[BlackFideId "25629239"]
[EventDate "2025.05.20"]

1. e4 c5 2. Nf3 d6 3. d4 cxd4 4. Nxd4 Nf6 5. Nc3 Nc6 6. Bg5 e6 7. Qd2 Be7 8.
O-O-O a6 9. f4 Bd7 10. Nf3 b5 11. Bxf6 gxf6 12. f5 Qa5 13. Kb1 b4 14. Ne2 O-O-O
15. g3 Kb7 16. Bg2 Rc8 17. fxe6 fxe6 18. Nf4 Rhd8 19. Qe2 Qc5 20. Bh3 e5 21.
Bxd7 Rxd7 22. Nd5 Bd8 23. Rhe1 a5 24. Qe3 Nd4 25. Nxd4 exd4 26. Qd3 f5 27. Nf4
fxe4 28. Qxe4+ d5 29. Qd3 Rdc7 30. Ne6 Qxc2+ 31. Qxc2 Rxc2 32. Nxd8+ Kb8 33. Ne6
Rxh2 34. Rc1 Rg8 35. Rg1 Re8 36. Nxd4 Kb7 37. Rge1 Re4 38. Rxe4 dxe4 39. Re1 Rg2
40. Rxe4 Rxg3 41. Re7+ Kb6 42. Rxh7 a4 43. Rh1 Rg2 44. Nf5 Kc5 45. Ne3 Re2 46.
Rc1+ Kb5 47. Nf5 Rf2 48. Nd4+ Kb6 49. Rc6+ Ka5 50. Rc1 Kb6 51. Rc4 Ka5 52. Kc1
b3 53. axb3 axb3 54. Nxb3+ Kb5 55. Rc2 Rf1+ 56. Kd2 Kb4 57. Nd4 Rf2+ 58. Kc1
Rf1+ 59. Kd2 Rf2+ 60. Ne2 Kb3 61. Rc3+ 1-0

[Event "Titled Tue 20th May Early"]
[Site "chess.com INT"]
[Date "2025.05.20"]
[Round "11"]
[White "Buscar, Michael"]
[Black "Azadaliyev, Jahandar"]
[Result "0-1"]
[BlackTitle "FM"]
[WhiteElo "2016"]
[BlackElo "2290"]
[WhiteFideId "2603616"]
[BlackFideId "13425811"]
[EventDate "2025.05.20"]

1. d4 Nf6 2. c4 e6 3. Nc3 Bb4 4. e3 O-O 5. Bd3 d5 6. Nf3 c5 7. O-O Bxc3 8. bxc3
dxc4 9. Bxc4 Qc7 10. Bd3 Nc6 11. Ba3 b6 12. dxc5 Rd8 13. Qe2 e5 14. Bb5 Ne7 15.
cxb6 axb6 16. Bb4 Bg4 17. Qc4 Qb7 18. Nxe5 Be6 19. Qh4 Nf5 20. Qg5 h6 21. Qf4 g5
22. Qf3 Qc7 23. Nc6 Rd5 24. e4 Rxb5 25. exf5 Bd5 26. Ne7+ Qxe7 27. Bxe7 Bxf3 28.
Bxf6 Rxf5 29. Bd4 Bd5 30. Bxb6 Rxa2 31. Rxa2 Bxa2 32. Ra1 Rb5 33. Bd4 Rb1+ 34.
Rxb1 Bxb1 35. f3 f5 36. c4 Kf7 37. c5 Ke6 38. Bg7 h5 39. Kf2 Kd5 40. Bf8 Bd3 41.
Kg3 f4+ 42. Kf2 g4 43. Be7 Bc4 44. Bf8 Bd3 45. Bh6 Kxc5 46. Bxf4 Kd5 47. fxg4
hxg4 48. Kg3 Bf5 49. Kh4 Ke4 50. Kg5 Bc8 51. Bd2 Bd7 52. Be1 Bc8 53. Bd2 Bd7 54.
Bf4 Kd3 55. Kh4 Ke2 56. Kg3 Kf1 57. Bd6 Ke2 58. Bc5 Kd3 59. Ba7 Ke4 60. Bb8 Bc8
61. Bd6 Bd7 62. Ba3 Bc8 63. Bc1 Bd7 64. Bh6 Bc8 65. Bf8 Bd7 66. Bd6 Bc8 67. Kh4
Bd7 68. Kg5 Ke3 69. Bc5+ Ke2 70. Kh4 Kf1 71. Kg3 Ke2 72. Ba7 Kd3 73. Bg1 Ke2 74.
Bd4 Kd3 75. h4 Kxd4 76. h5 Ke5 77. Kh4 Kf5 78. g3 Be8 79. h6 Bg6 80. h7 Bxh7 81.
Kh5 Bg8 82. Kh4 Be6 83. Kh5 Ke4 84. Kg6 Kf3 85. Kf6 Kxg3 86. Kxe6 Kf3 0-1

[Event "Titled Tue 20th May Early"]
[Site "chess.com INT"]
[Date "2025.05.20"]
[Round "11"]
[White "Yang, Kaiqi"]
[Black "Javakhadze, Zurab"]
[Result "1-0"]
[WhiteTitle "GM"]
[BlackTitle "IM"]
[WhiteElo "2481"]
[BlackElo "2412"]
[WhiteFideId "8604398"]
[BlackFideId "13603647"]
[EventDate "2025.05.20"]

1. e4 c5 2. Nf3 d6 3. d4 cxd4 4. Nxd4 Nf6 5. Nc3 g6 6. Be2 Bg7 7. O-O O-O 8. Re1
Nc6 9. Nb3 Be6 10. Bg5 Rc8 11. Bf1 Nd7 12. Rb1 h6 13. Bh4 g5 14. Bg3 Nce5 15.
Nd4 Nc5 16. Nd5 Qd7 17. c3 Ng6 18. f3 b6 19. Qd2 Qb7 20. Nf5 Bxf5 21. exf5 Ne5
22. h4 e6 23. Ne3 Qe7 24. Rbd1 gxh4 25. Bf2 h3 26. Qxd6 Qg5 27. Ng4 Nxg4 28.
fxg4 Qxg4 29. fxe6 fxe6 30. Qg3 Qxg3 31. Bxg3 hxg2 32. Bxg2 Rf6 33. Bh4 Rg6 34.
Kh2 Bf6 35. Bg3 Kh8 36. Bh3 Rcg8 37. Re3 Bg5 38. Rf3 Bf6 39. Rdf1 Bg7 40. Bh4
Ne4 41. Re3 Be5+ 42. Kh1 Ng3+ 43. Bxg3 Bxg3 44. Rxe6 Rxe6 45. Bxe6 Rg5 46. Rf8+
Kg7 47. Rf7+ Kg6 48. Rxa7 Re5 49. Bf7+ Kg5 50. Rb7 Re2 51. Rxb6 Rh2+ 52. Kg1 Rd2
53. Kf1 h5 54. Rb5+ Kf6 55. Bxh5 Rf2+ 56. Kg1 Rd2 57. a4 Ke6 58. a5 Kd6 59. Bf3
Bf2+ 60. Kf1 Ba7 61. Ke1 Be3 62. a6 Rf2 63. Bb7 Rf7 64. Kd1 Bc5 65. Kc2 Be3 66.
b4 Kc7 67. Kb3 Re7 68. c4 Kb8 69. Rh5 Ka7 70. Ka4 Rc7 71. Bd5 Re7 72. b5 Bc5 73.
Rf5 Re3 74. Rf7+ Kb8 75. b6 1-0

[Event "Titled Tue 20th May Early"]
[Site "chess.com INT"]
[Date "2025.05.20"]
[Round "11"]
[White "Harsh, Suresh"]
[Black "Grot, Blazej"]
[Result "1/2-1/2"]
[WhiteTitle "IM"]
[BlackTitle "CM"]
[WhiteElo "2392"]
[BlackElo "2217"]
[WhiteFideId "45018464"]
[BlackFideId "21835845"]
[EventDate "2025.05.20"]

1. b3 e5 2. Bb2 Nc6 3. c4 Nf6 4. Nf3 d6 5. e3 Be7 6. d4 exd4 7. Nxd4 O-O 8. Be2
Re8 9. O-O Bf8 10. Nxc6 bxc6 11. Bf3 Bd7 12. Nc3 Rb8 13. h3 g6 14. Qc2 Bg7 15.
Rad1 Qe7 16. Ne2 Bf5 17. Qd2 Be4 18. Bxf6 Bxf6 19. Bxe4 Qxe4 20. Qa5 Rb7 21. Ng3
Qc2 22. Rc1 Qb2 23. Rb1 Qe5 24. Qa6 Rb6 25. Qxa7 Qe7 26. c5 dxc5 27. Rbc1 h5 28.
Rc4 Rb4 29. Rfc1 Be5 30. Qxc5 Qxc5 31. Rxc5 Bxg3 32. fxg3 Rxe3 33. Kf2 Rd3 34.
R1c2 Rb6 35. Rxc6 Rxc6 36. Rxc6 Rd2+ 37. Kf3 Rxa2 38. Rxc7 Rb2 39. Rb7 Kg7 40.
Rb8 Kf6 41. b4 Rb3+ 42. Kf2 Rb2+ 43. Kg1 Rb3 44. Kh2 Rb1 45. b5 Kg7 46. b6 Kf6
47. Rb7 Ke6 48. g4 hxg4 49. hxg4 Kf6 50. Rb8 Kg5 51. Kg3 Rb3+ 52. Kf2 Kxg4 53.
Rb7 f5 54. Rb8 g5 55. b7 Rb2+ 56. Kf1 Kg3 57. Rg8 Rxb7 58. Rxg5+ Kf4 59. Rg8
Rb1+ 60. Kf2 Rb2+ 61. Kg1 Ke4 62. Re8+ Kf4 63. Kh2 Kg5 64. Re3 f4 65. Rc3 Kg4
66. Rc8 Rb3 67. Rg8+ Kf5 68. Rf8+ Kg4 69. Rg8+ Kf5 70. Rh8 Kg4 71. Rf8 Kg5 72.
Rg8+ Kf5 1/2-1/2

[Event "Titled Tue 20th May Early"]
[Site "chess.com INT"]
[Date "2025.05.20"]
[Round "11"]
[White "Moosavifar, Seyed Abolfazl"]
[Black "Bespalov, Elisei"]
[Result "0-1"]
[WhiteTitle "FM"]
[WhiteElo "2303"]
[BlackElo "2303"]
[WhiteFideId "42548195"]
[BlackFideId "34251928"]
[EventDate "2025.05.20"]

1. e4 d5 2. exd5 Nf6 3. Nf3 Qxd5 4. Be2 Bg4 5. O-O Nc6 6. h3 Bxf3 7. Bxf3 Qd7 8.
c3 O-O-O 9. d4 e5 10. Qa4 exd4 11. Bxc6 Qxc6 12. Qxa7 Bc5 13. Qa5 Nd5 14. c4 Nb4
15. Na3 b6 16. Qb5 Kb7 17. Bd2 Qxb5 18. Nxb5 c6 19. Na3 Nd3 20. Rfb1 Nxb2 21.
Rxb2 Bxa3 22. Rb3 Bc5 23. a4 Ra8 24. Kf1 Kc7 25. Ke2 Kd7 26. Kd3 Ra6 27. Bb4
Bxb4 28. Rxb4 c5 29. Rb3 Kc6 30. Kc2 Rha8 31. Rba3 Ra5 32. Kb3 Re8 33. R3a2 Re5
34. Rd2 Kd6 35. Raa2 Re4 36. Rd3 Ke5 37. Rg3 g6 38. Ka3 d3 39. Kb3 Rd4 40. Rd2
Ra8 41. Rgxd3 Rad8 42. Re3+ Kf6 43. Rde2 Rd3+ 44. Kc2 Rxe3 45. Rxe3 Rd4 46. Rc3
Rf4 47. f3 Rd4 48. g3 Kf5 49. h4 h5 50. Kb3 f6 51. Re3 g5 52. hxg5 fxg5 53. Kc3
h4 54. gxh4 gxh4 55. Re8 Rf4 56. Kd3 Rxf3+ 57. Ke2 Ra3 58. Rf8+ Kg4 59. Rg8+ Kh3
60. Rg6 Rxa4 61. Kd3 Rb4 62. Rg8 Kh2 63. Rg4 h3 64. Rg5 Kh1 65. Rg6 h2 66. Rg7
Rb2 67. Ke3 Rg2 68. Rd7 Rb2 69. Kf3 Rb3+ 70. Kf2 Rb2+ 71. Kg3 Rb3+ 72. Kf2 Rb2+
73. Kg3 Rb1 74. Rd2 Kg1 75. Rg2+ Kf1 76. Kxh2 Rb4 77. Rc2 Ke1 78. Kg3 Kd1 79.
Ra2 Rxc4 80. Kf3 Rc2 81. Ra1+ Kd2 82. Ke4 Rb2 83. Kd5 Kc3 84. Rc1+ Kb4 85. Kc6
c4 86. Kxb6 c3 87. Kc6 c2 88. Rh1 Rb1 89. Rh4+ Kb3 90. Rh3+ Kb2 91. Rh2 Kb3 92.
Rh3+ Ka4 93. Rh4+ Rb4 94. Rh1 Rc4+ 0-1

[Event "Titled Tue 20th May Early"]
[Site "chess.com INT"]
[Date "2025.05.20"]
[Round "11"]
[White "Vlassov, Nikolai"]
[Black "Ghoreishi Amiri, Seyed Kian"]
[Result "0-1"]
[WhiteTitle "IM"]
[BlackTitle "CM"]
[WhiteElo "2291"]
[BlackElo "2215"]
[WhiteFideId "4103360"]
[BlackFideId "36757527"]
[EventDate "2025.05.20"]

1. e4 c6 2. d4 d5 3. f3 dxe4 4. fxe4 e5 5. Nf3 exd4 6. Bc4 Nf6 7. Ng5 Be6 8.
Bxe6 fxe6 9. O-O e5 10. c3 h6 11. Ne6 Qd7 12. Qb3 Na6 13. cxd4 exd4 14. Nd2 Nc5
15. Nxc5 Bxc5 16. e5 Nd5 17. Ne4 Be7 18. Qc4 O-O-O 19. Qxd4 Qe6 20. Nd6+ Bxd6
21. exd6 Qxd6 22. Qxa7 Rhf8 23. Bd2 Nf6 24. Bf4 Qd4+ 25. Qxd4 Rxd4 26. Be5 Rd2
27. Rad1 Rxd1 28. Rxd1 Ne8 29. a4 Rf5 30. Re1 g5 31. Re3 Nc7 32. g4 Rf7 33. Kg2
Nd5 34. Rf3 Re7 35. Bg3 Re2+ 36. Rf2 Re4 37. b3 Rxg4 38. Rf8+ Kd7 39. Rf7+ Ne7
40. Rh7 Rb4 41. Rxh6 Rxb3 42. Rh5 Rb2+ 43. Kh3 Rb4 44. Rxg5 Rxa4 45. Rg7 Ke6 46.
Bh4 Rxh4+ 47. Kg2 b5 48. Rg3 b4 49. Re3+ Kd6 50. Rd3+ Nd5 51. Kg3 Rc4 52. Rd1 b3
53. h4 b2 54. Rb1 Rc2 55. h5 Nc3 56. h6 Nxb1 57. h7 Rc3+ 58. Kg4 Rc4+ 59. Kg3
Nc3 60. h8=Q b1=Q 61. Qf8+ Kd5 62. Qf7+ Kc5 63. Qf8+ Kd4 64. Qf6+ Kd3 65. Qg6+
Ne4+ 66. Kf4 Qf1+ 67. Ke5 Rc5+ 68. Ke6 Qf6+ 69. Qxf6 Nxf6 0-1

[Event "Titled Tue 20th May Early"]
[Site "chess.com INT"]
[Date "2025.05.20"]
[Round "11"]
[White "Karimova, Guldona"]
[Black "Kim, Sergey"]
[Result "0-1"]
[WhiteTitle "WIM"]
[BlackTitle "FM"]
[WhiteElo "2265"]
[BlackElo "2295"]
[WhiteFideId "14210410"]
[BlackFideId "13700570"]
[EventDate "2025.05.20"]

1. e4 e5 2. Nf3 Nc6 3. d4 exd4 4. Nxd4 Bc5 5. Nb3 Bb6 6. Nc3 Nf6 7. Bc4 d6 8.
Qe2 Be6 9. Bxe6 fxe6 10. Be3 Qe7 11. O-O-O O-O 12. f4 Nd7 13. Rhf1 Bxe3+ 14.
Qxe3 a6 15. g4 b5 16. g5 Nb6 17. Qh3 b4 18. Ne2 a5 19. Nbd4 Nxd4 20. Nxd4 Rae8
21. Kb1 c5 22. Nb5 d5 23. f5 exf5 24. exf5 Qxg5 25. Nd6 Re3 26. Rf3 Rxf3 27.
Qxf3 Qf6 28. Nb7 c4 29. Nxa5 Qxf5 30. Qe3 Qf6 31. Qc5 Kh8 32. Qxb4 Nd7 33. Qb5
Rb8 34. Nb7 Ne5 35. Qxd5 Qf3 36. Qxf3 Nxf3 37. Nd6 c3 38. b3 Rd8 39. Nf7+ Kg8
40. Nxd8 g5 41. Ne6 h6 42. Rd3 Nxh2 43. Rxc3 Kf7 44. Nd4 h5 45. Nf5 Kf6 46. Ng3
h4 47. Ne2 g4 48. a4 Nf3 49. a5 Nd2+ 50. Kb2 Ne4 51. Rf3+ gxf3 52. Nf4 Ke5 53.
Nd5 Kxd5 54. a6 Kc6 55. a7 Kb7 56. a8=Q+ Kxa8 57. c4 f2 58. c5 f1=Q 59. c6 Qe2+
60. Ka3 Qc2 61. c7 Qxc7 62. Kb2 Qc5 63. b4 Qxb4+ 64. Kc2 Qd4 65. Kb3 h3 66. Ka2
h2 67. Ka3 h1=Q 0-1

[Event "Titled Tue 20th May Early"]
[Site "chess.com INT"]
[Date "2025.05.20"]
[Round "11"]
[White "Goncharov, Vladimir"]
[Black "Garcia Garcia, Adrian Antonio"]
[Result "1-0"]
[BlackTitle "CM"]
[WhiteElo "2077"]
[BlackElo "2157"]
[WhiteFideId "34162256"]
[BlackFideId "2206587"]
[EventDate "2025.05.20"]

1. d4 Nf6 2. c4 e6 3. Nf3 b6 4. g3 Bb7 5. Bg2 d6 6. O-O Nbd7 7. Qc2 Be7 8. Nc3
O-O 9. e4 c5 10. e5 dxe5 11. dxe5 Ng4 12. h3 Ngxe5 13. Nxe5 Bxg2 14. Nxf7 Rxf7
15. Kxg2 Qc7 16. Qe4 Raf8 17. Bf4 e5 18. Nd5 Qd6 19. Be3 Nf6 20. Nxf6+ gxf6 21.
Rad1 Qe6 22. Qd5 Qf5 23. b3 h5 24. Qf3 Qg6 25. Rd7 f5 26. Qd5 Bf6 27. Kh2 Kh7
28. Rd1 h4 29. Rg1 hxg3+ 30. Rxg3 Qh5 31. Rxf7+ Rxf7 32. Qa8 Bg7 33. Rg2 a5 34.
f3 e4 35. f4 Qf3 36. Qe8 Rf6 37. Bf2 Qxf4+ 38. Bg3 Qh6 39. Be5 Rg6 40. Rxg6 Qxg6
41. Qxg6+ Kxg6 42. Bc7 Kg5 43. Kg2 f4 44. Bxb6 f3+ 45. Kg3 Be5+ 46. Kf2 Bd4+ 47.
Kg3 Be5+ 48. Kf2 Bd6 49. Ke3 Bf4+ 50. Kf2 Bd2 51. Bxc5 Kf5 52. Bd4 Bg5 53. c5
Bh4+ 54. Ke3 Bg5+ 55. Kf2 Bh4+ 56. Kf1 Kf4 57. c6 Bd8 58. Kf2 Bc7 59. Be3+ Kf5
60. h4 Kg4 61. a3 Bg3+ 62. Kf1 Bc7 63. b4 axb4 64. axb4 Kxh4 65. b5 Kg4 66. b6
Bf4 67. c7 Bxe3 68. c8=Q+ Kg3 69. b7 Bf4 70. b8=Q Bxb8 71. Qxb8+ Kg4 72. Qg8+
Kf4 73. Qf7+ Ke3 74. Qf5 Kd3 75. Kf2 Kd4 76. Qf4 Kd3 77. Qe3+ Kc2 78. Qxe4+ Kd1
79. Qxf3+ Kc2 80. Qe2+ Kc1 81. Ke3 Kb1 82. Kd3 Kc1 83. Kc3 Kb1 84. Kb3 Kc1 85.
Qe1# 1-0

[Event "Titled Tue 20th May Early"]
[Site "chess.com INT"]
[Date "2025.05.20"]
[Round "11"]
[White "Kaminska, Zuzanna"]
[Black "Gutman, Gennadi"]
[Result "1-0"]
[WhiteTitle "WCM"]
[BlackTitle "GM"]
[WhiteElo "1900"]
[BlackElo "2445"]
[WhiteFideId "21067210"]
[BlackFideId "14102277"]
[EventDate "2025.05.20"]

1. b3 d5 2. Bb2 c5 3. Nf3 Nc6 4. g3 Nf6 5. Bg2 g6 6. Bxf6 exf6 7. O-O Bg7 8. d4
f5 9. c3 cxd4 10. Nxd4 Nxd4 11. cxd4 O-O 12. Nc3 Be6 13. Rc1 Qa5 14. Qd3 Rfd8
15. Qb5 Qxb5 16. Nxb5 Rac8 17. e3 a6 18. Nc7 Bf8 19. Nxe6 fxe6 20. Rfd1 Ba3 21.
Rxc8 Rxc8 22. Rd2 Rc1+ 23. Bf1 Kf7 24. Kg2 Ke7 25. Bd3 Rc3 26. Bb1 g5 27. Rc2
Rxc2 28. Bxc2 Kd6 29. g4 fxg4 30. Bxh7 Bb4 31. Kg3 Be1 32. Bd3 e5 33. dxe5+ Kxe5
34. Be2 b5 35. Bxg4 d4 36. exd4+ Kxd4 37. Bc8 a5 38. a4 bxa4 39. bxa4 Kd3 40.
Bd7 Ke2 41. Kg4 Bxf2 42. Kxg5 Be3+ 43. Kg6 Kf2 44. h4 Kg3 45. h5 Bd4 46. h6 Kf4
47. h7 Bh8 48. Kf7 Ke3 49. Kg8 Bd4 50. h8=Q Bxh8 51. Kxh8 Kd4 52. Kg7 Kc5 53.
Kf6 Kb4 54. Ke5 Kc5 55. Ke4 Kc4 56. Be8 Kc5 57. Kd3 Kb4 58. Kc2 Kc4 59. Bd7 Kd4
60. Kb3 Kd3 61. Be8 Kd4 62. Bf7 Kd3 63. Be8 Kd4 64. Kc2 Kc4 65. Kd2 Kd4 66. Ke2
Kc3 67. Ke3 Kc4 68. Ke4 Kc5 69. Kd3 Kb4 70. Kd4 Kb3 71. Kc5 Kc3 72. Kb5 Kd4 73.
Kxa5 Kc5 74. Ka6 Kd6 75. Kb7 1-0

[Event "Titled Tue 20th May Early"]
[Site "chess.com INT"]
[Date "2025.05.20"]
[Round "11"]
[White "Aarit Kapil"]
[Black "Behzad Nazif, Parva"]
[Result "1/2-1/2"]
[WhiteTitle "CM"]
[BlackTitle "WIM"]
[WhiteElo "2098"]
[BlackElo "2090"]
[WhiteFideId "33408947"]
[BlackFideId "12563790"]
[EventDate "2025.05.20"]

1. e4 e5 2. Nf3 Nc6 3. Nc3 Nf6 4. Bb5 Nd4 5. O-O c6 6. Bd3 Nxf3+ 7. Qxf3 d6 8.
Re1 Be7 9. h3 O-O 10. Bf1 h6 11. d3 Be6 12. Ne2 Nd7 13. Ng3 Bg5 14. Nf5 Bxc1 15.
Raxc1 d5 16. Ne3 d4 17. Nf5 Qg5 18. h4 Qf6 19. h5 Kh7 20. c3 g6 21. Ng3 Qxf3 22.
gxf3 dxc3 23. bxc3 gxh5 24. Nxh5 Rg8+ 25. Kh2 Rg5 26. Ng3 h5 27. d4 h4 28. Ne2
Rag8 29. f4 exf4 30. Nxf4 Nf6 31. f3 Nh5 32. Nxe6 fxe6 33. Bh3 Nf4 34. Bg4 Nd3
35. Rf1 Nxc1 36. Rxc1 e5 37. Kh3 exd4 38. cxd4 Ra5 39. Kxh4 Rxa2 40. d5 cxd5 41.
exd5 Rd2 42. Re1 Rg7 43. Re5 a5 44. d6 Rxd6 45. Rxa5 b6 46. Rh5+ Kg6 47. Rg5+
Kf6 48. Rf5+ Ke7 49. Re5+ Kd8 50. f4 Rd4 51. Kg3 Rd3+ 52. Kh4 Kc7 53. Rg5 Rh7+
54. Rh5 Rf7 55. f5 b5 56. Rg5 b4 57. Bh5 Re7 58. f6 Re4+ 59. Bg4 Rf4 60. Rc5+
Kb6 61. Rf5 Rxf5 62. Bxf5 Rd8 63. Kg5 b3 64. f7 b2 65. Kf6 Kc5 66. Ke7 Rb8 67.
f8=Q Rxf8 68. Kxf8 Kd4 69. Bb1 Kc3 70. Ke7 Kd2 71. Kd6 Kc1 72. Bh7 b1=Q 73. Bxb1 1/2-1/2

[Event "Titled Tue 20th May Early"]
[Site "chess.com INT"]
[Date "2025.05.20"]
[Round "11"]
[White "Andrade, Ivan"]
[Black "Vingris, Mikelis"]
[Result "1-0"]
[WhiteTitle "FM"]
[WhiteElo "2161"]
[BlackElo "2102"]
[WhiteFideId "14800039"]
[BlackFideId "11611731"]
[EventDate "2025.05.20"]

1. e4 e5 2. Nf3 Nc6 3. Bb5 a6 4. Ba4 Nf6 5. O-O b5 6. Bb3 Bc5 7. Re1 O-O 8. h3
d6 9. c3 Bb6 10. d4 h6 11. a3 Qe7 12. Bc2 Bd7 13. b3 Rad8 14. d5 Nb8 15. c4 bxc4
16. bxc4 a5 17. Be3 Bxe3 18. Rxe3 Na6 19. Ba4 Nc5 20. Bxd7 Nfxd7 21. Nc3 f5 22.
Nd2 Nb6 23. f3 Qg5 24. Qe1 fxe4 25. Ncxe4 Nxe4 26. Nxe4 Qf4 27. Rc3 Rb8 28. Rb1
Na4 29. Rcb3 Rxb3 30. Rxb3 Nc5 31. Nxc5 dxc5 32. Re3 Qxc4 33. Rxe5 Qd4+ 34. Kh1
c4 35. Qe4 Qxe4 36. Rxe4 Rd8 37. Rxc4 Rxd5 38. Rxc7 Rd3 39. Kh2 Rxa3 40. Ra7 Ra2
41. h4 h5 42. Kh3 Kh7 43. Ra6 g6 44. Ra7+ Kg8 45. g4 a4 46. g5 Kf8 47. Kg3 a3
48. Kf4 Ra1 49. Ke5 Ke8 50. Kf6 a2 51. Kxg6 Kd8 52. Kxh5 Kc8 53. f4 Kb8 54. Ra3
Kb7 55. f5 Kb6 56. f6 Kb5 57. Ra8 Kb6 58. Kg6 Kb7 59. Ra3 Kc7 60. h5 Kd7 61. h6
Ke6 62. Ra6+ Ke5 63. f7 Rf1 64. Rxa2 Ke4 65. Ra4+ Kf3 66. Ra6 Kg2 67. Rf6 Rg1
68. f8=Q Kh2 69. Qb8+ Rg3 70. Rf2+ Kh1 71. Qa8+ Kg1 72. Rc2 Rf3 73. Qa1+ Rf1 74.
Qd4+ Kh1 75. Qe4+ Rf3 76. Qxf3+ Kg1 77. Qg2# 1-0

[Event "Titled Tue 20th May Early"]
[Site "chess.com INT"]
[Date "2025.05.20"]
[Round "11"]
[White "Khamdamova, Afruza"]
[Black "Savitha, Shri B"]
[Result "0-1"]
[WhiteTitle "WIM"]
[BlackTitle "IM"]
[WhiteElo "2344"]
[BlackElo "2298"]
[WhiteFideId "14210444"]
[BlackFideId "35061887"]
[EventDate "2025.05.20"]

1. e4 c5 2. Nf3 e6 3. d4 cxd4 4. Nxd4 Nc6 5. Nc3 Nf6 6. Ndb5 d6 7. Bf4 e5 8. Bg5
a6 9. Na3 Be7 10. Nc4 Be6 11. Bxf6 gxf6 12. Ne3 Qa5 13. Bc4 Nd4 14. O-O b5 15.
Bxe6 fxe6 16. Qh5+ Kd7 17. a4 b4 18. Ne2 Qc5 19. c3 Nxe2+ 20. Qxe2 bxc3 21. Rac1
Rhc8 22. Rxc3 Qb4 23. Rfc1 Qxa4 24. Nc4 Qb5 25. Qd1 Rab8 26. b3 h6 27. Rd3 Rc6
28. Rc2 Kc7 29. Qd2 Rc8 30. Nxd6 Bxd6 31. Rxc6+ Kxc6 32. Rxd6+ Kb7 33. h3 Qxb3
34. Qxh6 Qb1+ 35. Kh2 Qxe4 36. Rxe6 Rc6 37. Qg7+ Kb6 38. Rxf6 Rxf6 39. Qxf6+ Kb5
40. h4 a5 41. h5 a4 42. h6 a3 43. Qf7 Kb4 44. h7 Qh4+ 45. Kg1 Qh6 46. Qg8 Qc1+
47. Kh2 Qh6+ 48. Kg3 Qf4+ 49. Kh3 Qh6+ 50. Kg4 Qf4+ 51. Kh5 Qf5+ 52. Kh6 Qf6+
53. Qg6 Qf8+ 54. Qg7 Qf4+ 55. Qg5 Qf8+ 56. Qg7 Qf4+ 57. Kg6 Qg4+ 58. Kf7 Qd7+
59. Kg8 Qe6+ 60. Qf7 Qg4+ 61. Kf8 Qc8+ 62. Qe8 Qf5+ 63. Qf7 Qc8+ 64. Kg7 Qg4+
65. Qg6 Qd7+ 66. Kf6 Qd6+ 67. Kf5 Qd7+ 68. Qe6 Qxh7+ 69. Kxe5 Qg7+ 70. Ke4 Qxg2+
71. Ke3 Qg5+ 0-1